000 00857nam a2200205 i 4500
001 bg
245 0 0 _aProjekt '88 :
_buruchomić siły rynkowe dla ochrony naszego środowiska : studium polityki publicznej /
_c[aut. David M. Anderson et al. ; tł. z ang. Zbigniew Zajda, Zbigniew Kulczyński, Krzysztof Markowski].
260 _aWarszawa :
_bMin. Ochrony Środowiska, Zasobów Naturalnych i Leśnictwa,
_c1992.
300 _aVII, 100 s. ;
_c23 cm.
490 1 _aEkonomia i Środowisko ;
_vNr 3
650 9 _aŚrodowisko człowieka
_xochrona
_xprawo
_zStany Zjednoczone Ameryki
650 9 _aŚrodowisko człowieka
_xpolityka
_zStany Zjednoczone Ameryki
700 1 _aANDERSON, David.
830 _aEkonomia i Środowisko ;
040 _cBPK
041 1 _apl
_henen
080 _a504:349.6](73)
942 _cKS
008 s pl f |000 0 pol
999 _c32567
_d32567